000 00286nam a2200121Ia 4500
008 191201s2017 xx 000 0 und d
100 _aSHARMA, Ashok
245 0 _aBusiness Law BBA Sem V
260 _aN. delhi
_bV.K Galobal
_c2017
300 _a344
650 _aBBA
942 _2ddc
_cBK
_02
999 _c6736
_d6736